000
00320nam a22001337a 4500
008
181106b xxu||||| |||| 00| 0 eng d
020
_a
9780072494266
041
_a
eng
080
_2
5 TH
_a
159.9
100
_a
49
101
_a
PSI
245
_a
Essentials Of Understanding Psychology
_c
Feldman.R.S
942
_2
udc
_c
BK
999
_c
51935
_d
51935